| 000 | 00537nam a22001577a 4500 | ||
|---|---|---|---|
| 020 | _qHard Cover. | ||
| 082 | _a658 | ||
| 100 | _aSaleem, Ayoosha | ||
| 245 |
_aStrategic Orientation of HR Managers in the Telecom Industry of Pakistan: _bRole of Personal and Organizational Factors _cAyoosha Saleem. |
||
| 260 |
_aIslamabad: _bNBS - NUST, _c2014. |
||
| 300 |
_a56 p. : ill. ; _c30cm. |
||
| 650 |
_aMBA-Thesis. _917629 |
||
| 700 |
_aDr. Naukhez Sarwar _917504 |
||
| 942 |
_2ddc _cTHE |
||
| 999 |
_c532843 _d532843 |
||